00409nam a2200145 a 4500020001800000082002000018100002800038245003400066260004100100300000900141500003500150505003400185650001600219700002800235 a8170368 00a305.40954bPUR2 aPurushotaman, Sangeetha aEmpowerment of Women in India aNew Delhi bSage Publications c1998 a384p aincludes index and biblioraphy2 aAppendix, Bibliography, Index aWomen-India1 aPurushotaman, Sangeetha